[Event "Hessen-ch qual-F"]
[Site "Erlensee"]
[Date "2007.04.06"]
[Round "3"]
[White "Michaelis, Philipp"]
[Black "Schielmann, Marc"]
[Result "1-0"]
[WhiteElo "1186"]
[BlackElo "1002"]
[PlyCount "67"]
[EventDate "2007.04.06"]
[EventType "swiss"]
[EventRounds "5"]
[EventCountry "GER"]
[SourceTitle "CBM 117 Extra"]
[Source "ChessBase"]
[SourceDate "2007.05.09"]
[SourceVersion "1"]
[SourceVersionDate "2007.05.09"]
[SourceQuality "1"]

1. e4 c6 2. d4 d5 3. Bd3 dxe4 4. Bxe4 Nf6 5. Bf3 Bf5 6. Ne2 e6 7. c4 Be7 8. Nbc3 0-0 9. 0-0 Nbd7 10. Bg5 e5 11. d5 cxd5 12. Bxf6 Bxf6 13. Nxd5 Rb8 14. Ng3 Be6 15. Be4 Nb6 16. Nxf6+ Qxf6 17. b3 Nd7 18. Re1 b6 19. Qc2 Nc5 20. Bxh7+ Kh8 21. Bf5 g6 22. Bxe6 Nxe6 23. Qe2 Kg7 24. Qxe5 Nd4 25. Rad1 Rbd8 26. h4 Rfe8 27. Qxf6+ Kxf6 28. Rxe8 Rxe8 29. Rxd4 Re1+ 30. Kh2 Rc1 31. Rd7 a5 32. Rb7 Ke5 33. Rxb6 Kf4 34. Ne2+ 1-0

[Event "Hessen-ch qual-F"]
[Site "Erlensee"]
[Date "2007.04.06"]
[Round "2"]
[White "Wuestehube, Max"]
[Black "Michaelis, Philipp"]
[Result "1-0"]
[WhiteElo "1280"]
[BlackElo "1186"]
[PlyCount "49"]
[EventDate "2007.04.06"]
[EventType "swiss"]
[EventRounds "5"]
[EventCountry "GER"]
[SourceTitle "CBM 117 Extra"]
[Source "ChessBase"]
[SourceDate "2007.05.09"]
[SourceVersion "1"]
[SourceVersionDate "2007.05.09"]
[SourceQuality "1"]

1. e4 e6 2. d4 d5 3. exd5 exd5 4. Nf3 Nf6 5. c4 Be6 6. c5 g6 7. Nc3 Bg7 8. Be3 Nc6 9. Bb5 0-0 10. Bxc6 bxc6 11. Qd2 Ng4 12. Bf4 Re8 13. 0-0 Rb8 14. b3 Bf5 15. h3 Nf6 16. Ne5 Bd7 17. Rfe1 Nh5 18. Bh2 Bf6 19. g4 Ng7 20. Rad1 Ne6 21. Nxd7 Qxd7 22. Be5 Bxe5 23. Rxe5 Rb4 24. Ne2 Kg7 25. Qxb4 1-0